[Event "SVK-chT2A 2223"]
[Site "Slovakia"]
[Date "2023.03.26"]
[Round "11.2"]
[White "Sosovicka, Matej"]
[Black "Sturdik, Igor"]
[Result "0-1"]
[WhiteElo "2151"]
[BlackElo "1905"]
[PlyCount "132"]
[EventDate "2022.10.08"]
[EventType "team-tourn"]
[EventRounds "11"]
[EventCountry "SVK"]
[SourceTitle "EXT 2024"]
[Source "ChessBase"]
[SourceDate "2023.10.10"]
[SourceVersion "1"]
[SourceVersionDate "2023.10.10"]
[SourceQuality "1"]
[WhiteTeam "Krasnany"]
[BlackTeam "Trnava Lokomotiva"]
[WhiteTeamCountry "SVK"]
[BlackTeamCountry "SVK"]

1. e4 Nf6 2. e5 Nd5 3. d4 d6 4. Nf3 Nc6 5. c4 Nb6 6. exd6 exd6 7. Nc3 Be7 8. Be2 Bg4 9. 0-0 0-0 10. b3 Bf6 11. Be3 d5 12. c5 Nc8 13. h3 Be6 14. Rb1 N8e7 15. b4 Nf5 16. Qd2 Nxe3 17. Qxe3 Ne7 18. Bd3 Bf5 19. Rfe1 Bxd3 20. Qxd3 c6 21. b5 Ng6 22. bxc6 bxc6 23. Qa6 Ne7 24. Rb7 Qc8 25. Ne2 Nf5 26. g4 Nh4 27. Nxh4 Bxh4 28. Nf4 Bf6 29. Rd1 Re8 30. Nh5 Bh4 31. Rdb1 g6 32. Nf4 Re4 33. Ng2 Bf6 34. Qa5 Bd8 35. Qa4 Bb6 36. Qa6 Re7 37. R7xb6 axb6 38. Qxc8+ Rxc8 39. cxb6 Rb7 40. Nf4 Rcb8 41. Nd3 Rxb6 42. Rxb6 Rxb6 43. a4 Rb1+ 44. Kg2 Rb3 45. Ne5 Rc3 46. a5 c5 47. dxc5 Rxc5 48. a6 Ra5 49. Nc6 Rxa6 50. Ne7+ Kg7 51. Nxd5 Ra5 52. Nf4 Kf6 53. Kg3 Ra3+ 54. f3 Ke5 55. h4 f5 56. g5 Ra4 57. Nd3+ Kd4 58. Nf4 Ke3 59. Nd5+ Kd2 60. Nf6 Ra7 61. h5 Ke2 62. h6 Ke3 63. Ne8 f4+ 64. Kg4 Ra1 65. Nf6 Rg1+ 66. Kh3 Kxf3 0-1

[Event "SVK-chT3A2 2122"]
[Site "Slovakia"]
[Date "2022.05.08"]
[Round "7.3"]
[White "Londin, Lukas Vojtech"]
[Black "Sturdik, Igor"]
[Result "1/2-1/2"]
[WhiteElo "1601"]
[BlackElo "1912"]
[PlyCount "61"]
[EventDate "2021.10.10"]
[EventType "team-tourn"]
[EventRounds "11"]
[EventCountry "SVK"]
[SourceTitle "EXT 2024"]
[Source "ChessBase"]
[SourceDate "2023.10.10"]
[SourceVersion "1"]
[SourceVersionDate "2023.10.10"]
[SourceQuality "1"]
[WhiteTeam "Skalica"]
[BlackTeam "Trnava Lokomotiva"]
[WhiteTeamCountry "SVK"]
[BlackTeamCountry "SVK"]

1. e4 Nf6 2. f3 e5 3. Bc4 d5 4. exd5 Nxd5 5. Bxd5 Qxd5 6. Nc3 Qe6 7. Nge2 Bc5 8. Na4 Bd6 9. 0-0 Bd7 10. Nac3 f5 11. d3 Bc5+ 12. Kh1 Nc6 13. Na4 Bd6 14. Be3 0-0 15. Nc5 Bxc5 16. Bxc5 Rf6 17. f4 Re8 18. Qd2 Rg6 19. Nc3 b6 20. Bg1 Nd4 21. fxe5 Qxe5 22. Rae1 Qd6 23. Rxe8+ Bxe8 24. Bxd4 Qxd4 25. Rxf5 Bc6 26. Rf2 h5 27. Qe2 h4 28. h3 Rg3 29. Qe6+ Kh7 30. Ne4 Rg6 31. Qf5 1/2-1/2

[Event "SVK-chT2A 1819"]
[Site "Slovakia"]
[Date "2019.04.07"]
[Round "11.5"]
[White "Bincik, Pavol"]
[Black "Sturdik, Igor"]
[Result "0-1"]
[WhiteElo "1931"]
[BlackElo "1962"]
[PlyCount "112"]
[EventDate "2018.10.13"]
[EventType "team-tourn"]
[EventRounds "11"]
[EventCountry "SVK"]
[SourceTitle "EXT 2020"]
[Source "ChessBase"]
[SourceDate "2019.10.17"]
[SourceVersion "1"]
[SourceVersionDate "2019.10.17"]
[SourceQuality "1"]
[WhiteTeam "Piestany Kupele"]
[BlackTeam "Trnava Lokomotiva"]
[WhiteTeamCountry "SVK"]
[BlackTeamCountry "SVK"]

1. d4 Nf6 2. c4 c5 3. d5 e6 4. Nc3 exd5 5. cxd5 d6 6. g3 g6 7. Bg2 Bg7 8. Nh3 0-0 9. 0-0 Re8 10. Bf4 Nh5 11. Bg5 f6 12. Be3 f5 13. Qc2 Nd7 14. Nf4 Nxf4 15. Bxf4 Ne5 16. h4 a6 17. a4 b6 18. Rad1 Rb8 19. Kh1 b5 20. axb5 axb5 21. Ra1 b4 22. Nd1 Bb7 23. Ne3 Ra8 24. Ra4 Rxa4 25. Qxa4 Qa8 26. Ra1 Qxa4 27. Rxa4 Ra8 28. Rxa8+ Bxa8 29. b3 Bb7 30. Bg5 Kf7 31. f4 Nd7 32. Nc4 Bf8 33. e3 Ke8 34. Kg1 Ba6 35. h5 Bxc4 36. bxc4 b3 37. Bf1 b2 38. Bd3 Nb6 39. Bf6 Nxc4 40. Kf2 Kf7 41. Bd8 Na3 42. hxg6+ hxg6 43. e4 c4 44. Be2 fxe4 45. g4 b1Q 46. g5 Bg7 47. f5 Bd4+ 48. Kg2 gxf5 49. Bh5+ Kg8 50. Bg6 Qg1+ 51. Kh3 Qg4+ 52. Kh2 Be5+ 53. Kh1 c3 54. Bh7+ Kxh7 55. g6+ Kg8 56. g7 Qg3 0-1

[Event "SVK-chT4 A22 1819"]
[Site "Slovakia"]
[Date "2019.03.03"]
[Round "10.3"]
[White "Sturdik, Igor"]
[Black "Kalmar, Tamas"]
[Result "1/2-1/2"]
[WhiteElo "1965"]
[BlackElo "2089"]
[PlyCount "53"]
[EventDate "2018.10.14"]
[EventType "team-tourn"]
[EventRounds "11"]
[EventCountry "SVK"]
[SourceTitle "EXT 2020"]
[Source "ChessBase"]
[SourceDate "2019.10.17"]
[SourceVersion "1"]
[SourceVersionDate "2019.10.17"]
[SourceQuality "1"]

1. e4 e6 2. d4 d5 3. Nc3 dxe4 4. Nxe4 Bd7 5. Nf3 Bc6 6. Bd3 Nd7 7. Qe2 Ngf6 8. Nxf6+ Qxf6 9. 0-0 Bxf3 10. Qxf3 Qxf3 11. gxf3 Bd6 12. f4 g6 13. Re1 0-0 14. Kg2 Nf6 15. Kf3 Nd5 16. a3 c6 17. c4 Nf6 18. Be3 Rfd8 19. Rad1 Rd7 20. Bf1 Rad8 21. Rd3 Be7 22. Red1 a6 23. b4 Kg7 24. h3 Kg8 25. Ke2 Bf8 26. Bg2 Bg7 27. Bf3 1/2-1/2

[Event "SVK-chT4 A22 1819"]
[Site "Slovakia"]
[Date "2019.02.17"]
[Round "9.4"]
[White "Bukovsky, Milan"]
[Black "Sturdik, Igor"]
[Result "0-1"]
[WhiteElo "1895"]
[BlackElo "1963"]
[PlyCount "130"]
[EventDate "2018.10.14"]
[EventType "team-tourn"]
[EventRounds "11"]
[EventCountry "SVK"]
[SourceTitle "EXT 2020"]
[Source "ChessBase"]
[SourceDate "2019.10.17"]
[SourceVersion "1"]
[SourceVersionDate "2019.10.17"]
[SourceQuality "1"]

1. d4 Nf6 2. c4 c5 3. d5 e6 4. Nc3 exd5 5. cxd5 d6 6. e4 g6 7. Nf3 Bg7 8. h3 0-0 9. Be2 b5 10. e5 dxe5 11. Bxb5 e4 12. Nh2 Bb7 13. Bc4 Nbd7 14. Ng4 Nb6 15. Be2 Nfxd5 16. Nxd5 Qxd5 17. 0-0 f5 18. Ne3 Qxd1 19. Rxd1 Rfd8 20. Rb1 f4 21. Nc2 f3 22. Rxd8+ Rxd8 23. Bf1 fxg2 24. Be2 Bd5 25. Bg5 Re8 26. b3 h6 27. Bf4 g5 28. Be3 Rc8 29. Ba6 Rc7 30. Rd1 Kf7 31. Kxg2 c4 32. Nb4 Be6 33. bxc4 Nxc4 34. Bc1 Nb6 35. Be3 Be5 36. Be2 Nc4 37. Bd4 Kf6 38. Na6 Rc8 39. Bxe5+ Kxe5 40. Nb4 a5 41. Na6 Nb6 42. Bg4 Rc2 43. Bxe6 Kxe6 44. Re1 Kf5 45. Rb1 Nc4 46. Kg3 Rxa2 47. Rb5+ Ne5 48. Nc5 Ra3+ 49. Kg2 Kf4 50. Ne6+ Kf5 51. Nc5 Nc4 52. Nd3+ Ke6 53. Nc5+ Kd5 54. Nb3+ Kd6 55. Nd4 Rd3 56. Nf5+ Kc6 57. Rb1 a4 58. Rb4 Nb6 59. Rxe4 h5 60. Ne3 a3 61. Nc2 Kd5 62. Rb4 Kc5 63. Rb1 Rc3 64. Na1 Nc4 65. Nb3+ Rxb3 0-1

[Event "SVK-chT4 A22 1819"]
[Site "Slovakia"]
[Date "2019.01.20"]
[Round "7.3"]
[White "Bango, Lukas"]
[Black "Sturdik, Igor"]
[Result "1-0"]
[WhiteElo "2159"]
[BlackElo "1980"]
[PlyCount "37"]
[EventDate "2018.10.14"]
[EventType "team-tourn"]
[EventRounds "11"]
[EventCountry "SVK"]
[SourceTitle "EXT 2020"]
[Source "ChessBase"]
[SourceDate "2019.10.17"]
[SourceVersion "1"]
[SourceVersionDate "2019.10.17"]
[SourceQuality "1"]

1. e4 Nf6 2. Nc3 d5 3. e5 d4 4. exf6 dxc3 5. fxg7 cxd2+ 6. Bxd2 Bxg7 7. Qh5 Be6 8. Nf3 Qd5 9. Qxd5 Bxd5 10. 0-0-0 Nc6 11. Bb5 0-0-0 12. Bg5 f6 13. Be3 a6 14. Bd3 Nb4 15. Bf5+ e6 16. Bh3 Nxa2+ 17. Kb1 Nb4 18. Bc5 Nc6 19. Rxd5 1-0

[Event "SVK-chT3A2 1819"]
[Site "Slovakia"]
[Date "2019.01.13"]
[Round "6.2"]
[White "Sturdik, Igor"]
[Black "Horak, Ivan"]
[Result "1/2-1/2"]
[WhiteElo "1973"]
[BlackElo "1996"]
[PlyCount "131"]
[EventDate "2018.10.07"]
[EventType "team-tourn"]
[EventRounds "11"]
[EventCountry "SVK"]
[SourceTitle "EXT 2020"]
[Source "ChessBase"]
[SourceDate "2019.10.17"]
[SourceVersion "1"]
[SourceVersionDate "2019.10.17"]
[SourceQuality "1"]
[WhiteTeam "Trnava Lokomotiva II"]
[BlackTeam "Holic"]
[WhiteTeamCountry "SVK"]
[BlackTeamCountry "SVK"]

1. e4 c5 2. Nf3 d6 3. d4 cxd4 4. Nxd4 Nf6 5. Nc3 g6 6. Be3 Bg7 7. f3 h5 8. Bc4 Nc6 9. Qd2 Bd7 10. 0-0-0 Nxd4 11. Bxd4 Bc6 12. Kb1 Qb8 13. Nd5 Bxd5 14. Bxd5 0-0 15. Bb3 a5 16. a3 a4 17. Ba2 Qc7 18. Qg5 Kh7 19. Bc3 Rac8 20. Rd4 Nxe4 21. Rxe4 Bxc3 22. bxc3 Qxc3 23. Qc1 Rc5 24. Rxa4 Rb5+ 25. Rb4 Rxb4+ 26. axb4 Qxb4+ 27. Qb2 Qd2 28. c3 Qd3+ 29. Qc2 Qb5+ 30. Bb3 d5 31. Rd1 e6 32. c4 dxc4 33. Qxc4 Qxc4 34. Bxc4 Rc8 35. Bb3 Rc7 36. Ba4 b5 37. Bb3 Kh6 38. Bc2 Kg5 39. Rd3 Rc5 40. Rb3 Re5 41. Bd3 Re1+ 42. Ka2 Rh1 43. Bxb5 Rxh2 44. Rb2 h4 45. Be8 f5 46. Kb3 h3 47. gxh3 Rxh3 48. Rg2+ Kf4 49. Rxg6 Rxf3+ 50. Kc4 e5 51. Bc6 Rf1 52. Kd3 Rf2 53. Re6 Rh2 54. Bb7 Rh3+ 55. Ke2 Re3+ 56. Kd2 Rb3 57. Bc8 e4 58. Rf6 Rb2+ 59. Kc1 Rb5 60. Rxf5+ Rxf5 61. Bxf5 Kxf5 62. Kd2 Kf4 63. Ke2 e3 64. Ke1 Kf3 65. Kf1 e2+ 66. Ke1 1/2-1/2

[Event "SVK-chT4 A22 1819"]
[Site "Slovakia"]
[Date "2019.01.06"]
[Round "6.5"]
[White "Sturdik, Igor"]
[Black "Balogh, Peter1111"]
[Result "0-1"]
[WhiteElo "1980"]
[BlackElo "2019"]
[PlyCount "50"]
[EventDate "2018.10.14"]
[EventType "team-tourn"]
[EventRounds "11"]
[EventCountry "SVK"]
[SourceTitle "EXT 2020"]
[Source "ChessBase"]
[SourceDate "2019.10.17"]
[SourceVersion "1"]
[SourceVersionDate "2019.10.17"]
[SourceQuality "1"]

1. e4 g6 2. d4 Bg7 3. Nc3 d6 4. Nf3 a6 5. Be2 b5 6. 0-0 Bb7 7. a3 Nd7 8. Bf4 Ngf6 9. Bd3 c5 10. Re1 cxd4 11. Nxd4 e5 12. Ndxb5 axb5 13. Nxb5 exf4 14. Nxd6+ Kf8 15. Nxb7 Qc7 16. Bb5 Qxb7 17. Qd6+ Kg8 18. Bc6 Ra6 19. Qxf6 Rxc6 20. Qd8+ Nf8 21. Rad1 h6 22. b4 Kh7 23. Qd3 Bc3 24. Re2 Ne6 25. Qf3 Nd4 0-1

[Event "SVK-chT3A2 1819"]
[Site "Slovakia"]
[Date "2018.11.25"]
[Round "4.3"]
[White "Sturdik, Igor"]
[Black "Londin, Martin"]
[Result "1/2-1/2"]
[WhiteElo "1973"]
[BlackElo "1923"]
[PlyCount "48"]
[EventDate "2018.10.07"]
[EventType "team-tourn"]
[EventRounds "11"]
[EventCountry "SVK"]
[SourceTitle "EXT 2020"]
[Source "ChessBase"]
[SourceDate "2019.10.17"]
[SourceVersion "1"]
[SourceVersionDate "2019.10.17"]
[SourceQuality "1"]
[WhiteTeam "Trnava Lokomotiva II"]
[BlackTeam "Skalica II"]
[WhiteTeamCountry "SVK"]
[BlackTeamCountry "SVK"]

1. e4 b6 2. d4 Bb7 3. Nc3 e6 4. Nf3 Bb4 5. Bd3 Nf6 6. Qe2 d5 7. exd5 Nxd5 8. Bd2 Nxc3 9. bxc3 Be7 10. 0-0 Nd7 11. Rfe1 0-0 12. a4 c5 13. a5 Bf6 14. axb6 axb6 15. Be4 Qc7 16. Bxb7 Qxb7 17. Qb5 Qc7 18. h3 Rfd8 19. Qb3 Qc6 20. Bg5 Rxa1 21. Rxa1 Bxg5 22. Nxg5 h6 23. Nf3 Ra8 24. Rb1 Ra5 1/2-1/2

[Event "SVK-chT2A 1819"]
[Site "Slovakia"]
[Date "2018.11.18"]
[Round "4.8"]
[White "Sturdik, Igor"]
[Black "Cambel, Vladimir"]
[Result "1-0"]
[WhiteElo "1963"]
[BlackElo "1970"]
[PlyCount "73"]
[EventDate "2018.10.13"]
[EventType "team-tourn"]
[EventRounds "11"]
[EventCountry "SVK"]
[SourceTitle "CBM 189 Extra"]
[Source "ChessBase"]
[SourceDate "2019.06.03"]
[SourceVersion "1"]
[SourceVersionDate "2019.06.03"]
[SourceQuality "1"]
[WhiteTeam "Trnava Lokomotiva"]
[BlackTeam "Bratislava Slovan V"]
[WhiteTeamCountry "SVK"]
[BlackTeamCountry "SVK"]

1. e4 d6 2. d4 Nf6 3. Nc3 g6 4. Nf3 Bg7 5. Be2 0-0 6. 0-0 Nfd7 7. Be3 Nc6 8. Qd2 e5 9. Rad1 exd4 10. Nxd4 Nde5 11. f4 Ng4 12. Nxc6 bxc6 13. Bd4 Rb8 14. b3 a5 15. Bxg7 Kxg7 16. h3 Nf6 17. e5 Ne8 18. exd6 cxd6 19. Ne4 Qb6+ 20. Kh1 d5 21. Qc3+ Kg8 22. Nf6+ Nxf6 23. Qxf6 Bf5 24. Bd3 Bxd3 25. Rxd3 Qb7 26. h4 Rfe8 27. f5 Qe7 28. fxg6 hxg6 29. h5 Qxf6 30. Rxf6 Re6 31. Rdf3 Rxf6 32. Rxf6 gxh5 33. Rxc6 Rb5 34. a4 Rb4 35. Rc5 d4 36. Rb5 d3 37. Rxb4 1-0

[Event "SVK-chT2A 1819"]
[Site "Slovakia"]
[Date "2018.11.17"]
[Round "3.8"]
[White "Mikulas, Dusan"]
[Black "Sturdik, Igor"]
[Result "1/2-1/2"]
[WhiteElo "1973"]
[BlackElo "1963"]
[PlyCount "73"]
[EventDate "2018.10.13"]
[EventType "team-tourn"]
[EventRounds "11"]
[EventCountry "SVK"]
[SourceTitle "CBM 189 Extra"]
[Source "ChessBase"]
[SourceDate "2019.06.03"]
[SourceVersion "1"]
[SourceVersionDate "2019.06.03"]
[SourceQuality "1"]
[WhiteTeam "Bratislava Slovan IV"]
[BlackTeam "Trnava Lokomotiva"]
[WhiteTeamCountry "SVK"]
[BlackTeamCountry "SVK"]

1. e4 Nf6 2. e5 Nd5 3. d4 d6 4. c4 Nb6 5. exd6 exd6 6. Nc3 Be7 7. h3 0-0 8. Nf3 Bf5 9. Bd3 Qd7 10. 0-0 Nc6 11. Be3 Bf6 12. Qc2 Bxd3 13. Qxd3 Rfe8 14. b3 g6 15. Ne4 Bg7 16. Ng3 d5 17. c5 Nc8 18. Rae1 b6 19. Rc1 Nb4 20. Qd2 Nc6 21. Rc2 b5 22. a3 N8e7 23. Qd3 a6 24. Re1 Nd8 25. Rce2 Nec6 26. Qd2 Ne6 27. Rd1 Re7 28. Ree1 Rae8 29. Ne2 f6 30. b4 Ncd8 31. h4 Nf7 32. h5 gxh5 33. Ng3 Neg5 34. Nxg5 Nxg5 35. Nxh5 Qg4 36. Bxg5 fxg5 37. Rxe7 1/2-1/2

[Event "SVK-chT2A 1819"]
[Site "Slovakia"]
[Date "2018.10.13"]
[Round "1.6"]
[White "Sturdik, Igor"]
[Black "Mandak, Miroslav"]
[Result "0-1"]
[WhiteElo "1963"]
[BlackElo "1976"]
[PlyCount "42"]
[EventDate "2018.10.13"]
[EventType "team-tourn"]
[EventRounds "11"]
[EventCountry "SVK"]
[SourceTitle "CBM 189 Extra"]
[Source "ChessBase"]
[SourceDate "2019.06.03"]
[SourceVersion "1"]
[SourceVersionDate "2019.06.03"]
[SourceQuality "1"]
[WhiteTeam "Trnava Lokomotiva"]
[BlackTeam "Krasnany"]
[WhiteTeamCountry "SVK"]
[BlackTeamCountry "SVK"]

1. e4 c6 2. d4 d5 3. Nc3 dxe4 4. Nxe4 Nd7 5. Bc4 Ngf6 6. Ng5 e6 7. Qe2 Nb6 8. Bd3 Qc7 9. N1f3 h6 10. Ne4 Nbd5 11. Nxf6+ gxf6 12. g3 Bd7 13. a3 b5 14. Bd2 Bg7 15. c4 bxc4 16. Bxc4 0-0 17. Rc1 Qb7 18. Nh4 Qxb2 19. Qh5 Qxd4 20. Bxh6 Qe4+ 21. Kd2 Qh7 0-1

[Event "SVK-chT2A 1718"]
[Site "Slovakia"]
[Date "2018.03.17"]
[Round "10.7"]
[White "Sturdik, Igor"]
[Black "Kalmar, Tamas"]
[Result "0-1"]
[WhiteElo "1998"]
[BlackElo "2098"]
[PlyCount "82"]
[EventDate "2017.10.28"]
[EventType "team-tourn"]
[EventRounds "11"]
[EventCountry "SVK"]
[SourceTitle "EXT 2020"]
[Source "ChessBase"]
[SourceDate "2019.10.17"]
[SourceVersion "1"]
[SourceVersionDate "2019.10.17"]
[SourceQuality "1"]
[WhiteTeam "Trnava Lokomotiva II"]
[BlackTeam "Potonska Veza"]
[WhiteTeamCountry "SVK"]
[BlackTeamCountry "SVK"]

1. e4 e6 2. d4 d5 3. Nc3 dxe4 4. Nxe4 Bd7 5. Nf3 Bc6 6. Bd3 Nd7 7. 0-0 Ngf6 8. Bg5 Be7 9. Bxf6 Nxf6 10. Qe2 0-0 11. Rad1 Bxe4 12. Bxe4 Nxe4 13. Qxe4 c6 14. Rfe1 Qd5 15. a3 Qxe4 16. Rxe4 Rfd8 17. Re3 Bf6 18. Red3 Rd5 19. Kf1 Rad8 20. c3 e5 21. R3d2 exd4 22. Nxd4 Bxd4 23. Rxd4 Rxd4 24. cxd4 Kf8 25. Ke2 Ke7 26. Kd3 Rd6 27. Kc4 Re6 28. Rd2 Kd6 29. a4 Re1 30. Rc2 Ra1 31. b3 Re1 32. f3 b6 33. Rd2 Rc1+ 34. Kd3 Re1 35. Kc4 Rc1+ 36. Kd3 Re1 37. Kc4 Re3 38. b4 Ra3 39. d5 Rxa4 40. dxc6+ Kxc6 41. Re2 a5 0-1

[Event "SVK-chT3A2 1718"]
[Site "Slovakia"]
[Date "2018.01.21"]
[Round "8.2"]
[White "Danada, Ondrej"]
[Black "Sturdik, Igor"]
[Result "1/2-1/2"]
[WhiteElo "1869"]
[BlackElo "1961"]
[PlyCount "56"]
[EventDate "2017.10.08"]
[EventType "team-tourn"]
[EventRounds "11"]
[EventCountry "SVK"]
[SourceTitle "EXT 2020"]
[Source "ChessBase"]
[SourceDate "2019.10.17"]
[SourceVersion "1"]
[SourceVersionDate "2019.10.17"]
[SourceQuality "1"]
[WhiteTeam "Gbely Nafta II"]
[BlackTeam "Trnava Lokomotiva III"]
[WhiteTeamCountry "SVK"]
[BlackTeamCountry "SVK"]

1. e4 Nf6 2. Nc3 d5 3. exd5 Nxd5 4. Bc4 e6 5. Qf3 Nb4 6. Bb3 N8c6 7. Nge2 Na5 8. Ba4+ Bd7 9. a3 Nd5 10. Bxd7+ Qxd7 11. Nxd5 Qxd5 12. Qxd5 exd5 13. b4 Nc6 14. Bb2 0-0-0 15. 0-0 f6 16. Nf4 Rg8 17. Ne6 Re8 18. Nxf8 Rgxf8 19. Rae1 Kd7 20. Re3 Rxe3 21. fxe3 Re8 22. Rf4 Re4 23. Kf2 Rxf4+ 24. exf4 Ke6 25. g4 g6 26. Ke3 b5 27. h4 f5 28. g5 a6 1/2-1/2

[Event "SVK-chT4 A21 1718"]
[Site "Slovakia"]
[Date "2017.12.10"]
[Round "6.1"]
[White "Sturdik, Igor"]
[Black "Slaba, Andrea"]
[Result "1-0"]
[WhiteElo "1992"]
[BlackElo "1921"]
[PlyCount "87"]
[EventDate "2017.10.01"]
[EventType "team-tourn"]
[EventRounds "11"]
[EventCountry "SVK"]
[SourceTitle "EXT 2019"]
[Source "ChessBase"]
[SourceDate "2018.10.10"]
[SourceVersion "1"]
[SourceVersionDate "2018.10.10"]
[SourceQuality "1"]
[WhiteTeam "Spacince"]
[BlackTeam "Chtelnica Kamenar"]
[WhiteTeamCountry "SVK"]
[BlackTeamCountry "SVK"]

1. e4 e6 2. d4 d5 3. exd5 exd5 4. Bd3 Nc6 5. Nf3 Bg4 6. c3 Qe7+ 7. Be3 0-0-0 8. 0-0 f6 9. b4 g5 10. Nbd2 h5 11. Re1 Qd6 12. Qc2 Nh6 13. b5 Na5 14. Qa4 Qa3 15. Qxa3 Bxa3 16. Rab1 Nf5 17. h3 Nxe3 18. Rxe3 Bd7 19. Nb3 Nxb3 20. axb3 Bd6 21. Ra1 g4 22. hxg4 hxg4 23. Ne1 Kb8 24. g3 Rde8 25. Ng2 f5 26. Rae1 Reg8 27. Nf4 Bxf4 28. gxf4 Rh5 29. Re7 Bc8 30. Re8 Rg6 31. R1e5 g3 32. Rxc8+ Kxc8 33. Bxf5+ Rxf5 34. Rxf5 c6 35. bxc6 gxf2+ 36. Kxf2 bxc6 37. Rf7 Rg4 38. f5 Rf4+ 39. Kg3 Rf1 40. Kg4 Rg1+ 41. Kf4 Rf1+ 42. Ke5 Re1+ 43. Kd6 c5 44. dxc5 1-0

[Event "SVK-chT4 A21 1718"]
[Site "Slovakia"]
[Date "2017.11.12"]
[Round "4.1"]
[White "Sturdik, Igor"]
[Black "Moravec, Milan"]
[Result "1-0"]
[WhiteElo "1966"]
[BlackElo "1657"]
[PlyCount "43"]
[EventDate "2017.10.01"]
[EventType "team-tourn"]
[EventRounds "11"]
[EventCountry "SVK"]
[SourceTitle "EXT 2019"]
[Source "ChessBase"]
[SourceDate "2018.10.10"]
[SourceVersion "1"]
[SourceVersionDate "2018.10.10"]
[SourceQuality "1"]
[WhiteTeam "Spacince"]
[BlackTeam "Kopcany"]
[WhiteTeamCountry "SVK"]
[BlackTeamCountry "SVK"]

1. e4 e6 2. d4 d5 3. Nc3 dxe4 4. Nxe4 Nd7 5. Nf3 Ngf6 6. Bg5 Be7 7. Nxf6+ Nxf6 8. Bd3 0-0 9. Qe2 b6 10. Bxf6 Bxf6 11. Qe4 g6 12. Qxa8 Bxd4 13. Nxd4 Qxd4 14. 0-0-0 Qxf2 15. Qxa7 Qf4+ 16. Kb1 Rd8 17. g3 Qe5 18. Rhe1 Qc5 19. Qa3 Qh5 20. Qe7 Qd5 21. Be2 Rd7 22. Qe8+ 1-0

[Event "SVK-chT2A 1617"]
[Site "Slovakia"]
[Date "2017.02.12"]
[Round "9.6"]
[White "Sturdik, Igor"]
[Black "Pusec, Pavol"]
[Result "0-1"]
[WhiteElo "1988"]
[BlackElo "1984"]
[PlyCount "58"]
[EventDate "2016.10.08"]
[EventType "team-tourn"]
[EventRounds "11"]
[EventCountry "SVK"]
[SourceTitle "EXT 2018"]
[Source "ChessBase"]
[SourceDate "2017.10.13"]
[SourceVersion "1"]
[SourceVersionDate "2017.10.13"]
[SourceQuality "1"]
[WhiteTeam "Trnava Lokomotiva II"]
[BlackTeam "Senec"]
[WhiteTeamCountry "SVK"]
[BlackTeamCountry "SVK"]

1. e4 d6 2. d4 Nf6 3. Nc3 g6 4. Be3 Bg7 5. f3 c6 6. Qd2 b5 7. Nge2 a6 8. g4 h5 9. g5 Ng8 10. h4 e6 11. Ng3 Ne7 12. 0-0-0 Nd7 13. f4 Nb6 14. Bf2 Qc7 15. Bh3 Nc4 16. Qd3 Bd7 17. f5 Bf8 18. f6 Nc8 19. d5 N8b6 20. b3 Ne5 21. Qe3 c5 22. dxe6 fxe6 23. Nge2 Kf7 24. Bg3 a5 25. Nf4 a4 26. Nxb5 Qc6 27. Nc3 axb3 28. cxb3 Nbc4 29. Qd4 cxd4 0-1

[Event "SVK-chT3A2 1617"]
[Site "Slovakia"]
[Date "2016.11.27"]
[Round "4.3"]
[White "Bisco, Igor"]
[Black "Sturdik, Igor"]
[Result "1/2-1/2"]
[WhiteElo "2091"]
[BlackElo "1986"]
[PlyCount "70"]
[EventDate "2016.10.16"]
[EventType "team-tourn"]
[EventRounds "11"]
[EventCountry "SVK"]
[SourceTitle "EXT 2020"]
[Source "ChessBase"]
[SourceDate "2019.10.17"]
[SourceVersion "1"]
[SourceVersionDate "2019.10.17"]
[SourceQuality "1"]
[WhiteTeam "Hlohovec"]
[BlackTeam "Trnava Lokomotiva III"]
[WhiteTeamCountry "SVK"]
[BlackTeamCountry "SVK"]

1. e4 Nf6 2. e5 Nd5 3. c4 Nb6 4. c5 Nd5 5. Nc3 Nxc3 6. dxc3 d6 7. cxd6 exd6 8. Bf4 Nc6 9. Nf3 dxe5 10. Qxd8+ Nxd8 11. Bxe5 Ne6 12. Bc4 c6 13. 0-0 Bd7 14. Nd4 0-0-0 15. Nxe6 Bxe6 16. Bxe6+ fxe6 17. Rad1 Rd5 18. Rfe1 Rg8 19. c4 Rxd1 20. Rxd1 Be7 21. Kf1 Bf6 22. Bxf6 gxf6 23. Rd3 c5 24. Rh3 Rg7 25. Rh5 b6 26. Rh6 Rf7 27. Ke2 Kd7 28. Ke3 Ke7 29. Ke4 Kf8 30. g4 Kg7 31. Rh3 Rd7 32. Rd3 f5+ 33. gxf5 exf5+ 34. Ke3 Rxd3+ 35. Kxd3 Kf6 1/2-1/2

[Event "SVK-chT3A2 1617"]
[Site "Slovakia"]
[Date "2016.10.16"]
[Round "1.3"]
[White "Vepy, Ivan"]
[Black "Sturdik, Igor"]
[Result "0-1"]
[WhiteElo "1923"]
[BlackElo "1986"]
[PlyCount "82"]
[EventDate "2016.10.16"]
[EventType "team-tourn"]
[EventRounds "11"]
[EventCountry "SVK"]
[SourceTitle "EXT 2020"]
[Source "ChessBase"]
[SourceDate "2019.10.17"]
[SourceVersion "1"]
[SourceVersionDate "2019.10.17"]
[SourceQuality "1"]
[WhiteTeam "Skalica II"]
[BlackTeam "Trnava Lokomotiva III"]
[WhiteTeamCountry "SVK"]
[BlackTeamCountry "SVK"]

1. e4 Nf6 2. Nc3 d5 3. e5 d4 4. exf6 dxc3 5. fxg7 cxd2+ 6. Qxd2 Qxd2+ 7. Bxd2 Bxg7 8. 0-0-0 Nc6 9. Nf3 Bg4 10. Bb5 0-0-0 11. Bxc6 bxc6 12. h3 Bxf3 13. gxf3 Bf6 14. Rhg1 Rhg8 15. Rg4 Rxg4 16. fxg4 Bd4 17. f4 e6 18. c3 Bc5 19. Kc2 Rd5 20. Re1 a6 21. Re4 Kb7 22. Be3 Bxe3 23. Rxe3 c5 24. Kb3 Kc6 25. a4 Rd2 26. Re5 c4+ 27. Kxc4 Rxb2 28. Rh5 Rf2 29. Rxh7 Rxf4+ 30. Kb3 f6 31. Rh5 e5 32. Rh6 Kd5 33. g5 fxg5 34. Rxa6 e4 35. Rg6 Rf5 36. a5 e3 37. a6 Ke4 38. Re6+ Kd3 39. Kb4 Rf8 40. c4 e2 41. Kb5 Ra8 0-1

[Event "SVK-chT2A 1617"]
[Site "Slovakia"]
[Date "2016.10.08"]
[Round "1.7"]
[White "Sturdik, Igor"]
[Black "Mikulas, Dusan"]
[Result "1/2-1/2"]
[WhiteElo "1988"]
[BlackElo "2064"]
[PlyCount "59"]
[EventDate "2016.10.08"]
[EventType "team-tourn"]
[EventRounds "11"]
[EventCountry "SVK"]
[SourceTitle "CBM 175 Extra"]
[Source "ChessBase"]
[SourceDate "2016.12.12"]
[SourceVersion "1"]
[SourceVersionDate "2016.12.12"]
[SourceQuality "1"]
[WhiteTeam "Trnava Lokomotiva II"]
[BlackTeam "Bratislava Slovan IV"]
[WhiteTeamCountry "SVK"]
[BlackTeamCountry "SVK"]

1. e4 c5 2. Nf3 d6 3. d4 cxd4 4. Nxd4 Nf6 5. Nc3 Nc6 6. Be3 Bd7 7. f3 a6 8. Qd2 e6 9. g4 Nxd4 10. Bxd4 Bc6 11. 0-0-0 b5 12. Kb1 b4 13. Ne2 a5 14. Ng3 Rb8 15. Bd3 a4 16. g5 Nd7 17. f4 Qc7 18. Rhf1 Qb7 19. Nh5 b3 20. cxb3 axb3 21. Nxg7+ Bxg7 22. Bxg7 Nc5 23. Bc4 Nxe4 24. Qd4 bxa2+ 25. Bxa2 Rg8 26. Rfe1 d5 27. Re3 Qb4 28. Rb3 Qxd4 29. Rxb8+ Kd7 30. Bxd4 1/2-1/2